[Event "BAN-chT2"]
[Site "Dhaka"]
[Date "2017.10.23"]
[Round "2.3"]
[White "Babul, Mollick"]
[Black "Sudip Ranjan, Mandal"]
[Result "1/2-1/2"]
[WhiteElo "1797"]
[BlackElo "1677"]
[PlyCount "97"]
[EventDate "2017.10.22"]
[EventType "team-swiss"]
[EventRounds "7"]
[EventCountry "BAN"]
[SourceTitle "CBM 181 Extra"]
[Source "ChessBase"]
[SourceDate "2017.12.12"]
[SourceVersion "1"]
[SourceVersionDate "2017.12.12"]
[SourceQuality "1"]
[WhiteTeam "Asad"]
[BlackTeam "Dabar Troyi Agrojo"]
[WhiteTeamCountry "BAN"]
[BlackTeamCountry "BAN"]

1. e4 Nc6 2. c3 d5 3. exd5 Qxd5 4. Nf3 Bf5 5. Be2 Bxb1 6. Rxb1 Qxa2 7. Qc2 Qe6 8. d4 Qg6 9. Qxg6 hxg6 10. Bb5 e6 11. Ne5 a6 12. Bxc6+ bxc6 13. Nxc6 f6 14. 0-0 a5 15. Ra1 Rh5 16. b4 a4 17. Bf4 a3 18. Ra2 Kd7 19. Na5 Nh6 20. Nc4 Kc6 21. Rxa3 Rxa3 22. Nxa3 e5 23. Bxh6 gxh6 24. dxe5 Rxe5 25. Rd1 Re2 26. Kf1 Ra2 27. Nc4 Rc2 28. Rd3 Bxb4 29. cxb4 Rxc4 30. Rf3 f5 31. Rg3 Rg4 32. Rc3+ Kb6 33. Rb3 Kb5 34. Rc3 Kb6 35. Re3 Rc4 36. Re6+ Rc6 37. Re8 Kb5 38. Rb8+ Rb6 39. Rc8 Kc6 40. Rg8 g5 41. Rf8 f4 42. g3 fxg3 43. hxg3 Kb7 44. Rh8 Ka6 45. Rh7 Rc6 46. Rh8 Kb5 47. Rb8+ Rb6 48. Rc8 c6 49. Rh8 1/2-1/2